| 000 | 00578nam a2200217 a 4500 | ||
|---|---|---|---|
| 001 | 62630 | ||
| 003 | BD-RjUL | ||
| 005 | 20211209081115.0 | ||
| 008 | 170124s1983 nyu 000 1 eng d | ||
| 020 | _a0312083955 | ||
| 035 | _a(BD-RjUL)62756 | ||
| 040 |
_aDLC _cDLC _dDLC _dBD-RjUL _beng |
||
| 041 | _aeng | ||
| 082 | 0 | 0 |
_a813.54 _223 _bKAB 1983 |
| 100 | 1 |
_aKatkov, Norman. _9186188 |
|
| 245 | 1 | 0 |
_aBlood & orchids / _cNorman Katkov. |
| 260 |
_aNew York : _bSt. Martin's/Marek, _cc1983. |
||
| 300 |
_a503 p. ; _c24 cm. |
||
| 651 | 0 |
_aHawaii _xFiction. _9186189 |
|
| 942 |
_2ddc _cBK |
||
| 999 |
_c62630 _d62630 |
||